ASEAN Valuers Congress (7th:13-17 Oct. 1992:Singapore)

Bibliographic Details
Format: Book

MARC

LEADER 00000cam a2200000 7i4500
001 0000006194
005 20000214.0
040 |a INS 
090 0 0 |a S10 
245 0 0 |a ASEAN Valuers Congress (7th:13-17 Oct. 1992:Singapore) 
999 |a S000000230   |b BOOK   |c Seminar   |e Default branch